00412 2200181 4500001002100000005001500021008004100036035001900077041000600096082000800102090001400110100001500124245000900139260003300148300002600181500000600207650001700213INLIS00000000000422320241224112854241224||||||||| | ||| |||| ||  0010-1224004223 a00 a813 a813 RAH n0 aRahmat Ali00aNovi aJakartabbalai pustakac1996 a56 hlm.; ilus.: 21 cm a3 0aKesusastraan